000 00637nam a2200133Ia 4500
008 100328s9999 xx 000 0 und d
082 _b59251
100 _aसबनीस वसंत.
245 _aमरणात खरोखर जग जगते (संमिश्र विनोदी एकांकिका).
260 _bआभा.
630 _aमरणात खरोखर जग जगते (संमिश्र विनोदी एकांकिका).
730 _aमरणात खरोखर जग जगते (संमिश्र विनोदी एकांकिका).
942 _cBOOK
999 _c545498
_d545495